Music Quiz

Random Music Quiz
Score 0/269 Timer 10:00
0 Plays Today
% Correct
the
98.5%
the
98.5%
the
98.5%
the
98.5%
and
98.5%
and
98.5%
a
98.5%
a
98.5%
a
98.5%
a
98.5%
the
98.2%
a
97.9%
a
97.9%
a
97.9%
a
97.9%
the
97.5%
and
97.5%
and
97.5%
and
97.5%
the
97.5%
a
96.9%
a
96.9%
of
93.9%
of
92.9%
in
92.9%
in
92.9%
in
92.6%
in
92.6%
in
92.6%
like
92.3%
like
92.3%
like
92.3%
like
92.3%
like
92.3%
no
92%
like
92%
like
92%
like
92%
like
92%
like
92%
in
91.7%
like
91.4%
like
91.1%
us
90.5%
us
90.5%
up
87.4%
up
87.1%
nobody
86.8%
up
86.8%
know
86.5%
you
86.2%
car
85.9%
you
85.9%
you
85.9%
you
85.9%
you
85.9%
you
85.9%
you
85.9%
you
85.9%
you
85.9%
you
85.9%
you
85.9%
you
85.9%
me
85.6%
imagine
85.6%
imagine
85.6%
imagine
85.6%
imagine
85.6%
I'm
85.6%
I'm
85.3%
me
85%
imagine
85%
imagine
85%
imagine
85%
imagine
85%
imagine
85%
imagine
85%
imagine
85%
imagine
85%
imagine
85%
imagine
85%
imagine
85%
imagine
85%
imagine
85%
imagine
85%
imagine
85%
imagine
85%
imagine
85%
imagine
85%
imagine
85%
% Correct
imagine
85%
imagine
85%
imagine
85%
me
84.7%
me
84.7%
me
84.7%
Step
84.4%
on
84%
on
84%
on
84%
two
83.7%
go
83.7%
get
83.4%
go
83.4%
knows
83.1%
your
83.1%
your
83.1%
your
83.1%
your
83.1%
your
82.8%
that
82.8%
that
82.8%
go
82.8%
your
82.8%
your
82.8%
that
82.8%
that
82.8%
that
82.8%
that
82.8%
we
82.8%
that
82.8%
that
82.8%
off
82.5%
world
82.5%
world
82.5%
world
82.5%
go
82.5%
we
82.2%
we
82.2%
off
82.2%
world
82.2%
world
82.2%
world
82.2%
world
82.2%
kiss
81.9%
world
81.9%
kiss
81.9%
can
81.9%
can
81.9%
can
81.9%
can
81.9%
can
81.9%
can
81.9%
can
81.9%
we
81.6%
kiss
81.3%
take
80.1%
take
80.1%
clothes
79.4%
'sleep
79.4%
sleep
79.1%
makeup
79.1%
clothes
79.1%
'sleep
79.1%
with
78.5%
click
78.2%
til
78.2%
til
77.9%
post
77.9%
'til
77.9%
bathtub
77.6%
post
77.6%
bubbles
77.3%
click
77.3%
click
77.3%
drip
77.3%
drip
77.3%
chest
77.3%
so
77.3%
good
77.3%
neck
77.3%
click
77.3%
click
77.3%
click
77.3%
drip
77.3%
drip
77.3%
so
77.3%
chest
77%
neck
77%
love
76.7%
% Correct
good
76.7%
all
76.4%
love
76.4%
all
76.4%
my
76.1%
my
76.1%
can't
75.8%
can't
75.8%
noon
75.5%
gold
75.5%
why
75.5%
gold
75.5%
why
75.5%
let's
75.2%
how
74.5%
how
74.5%
let's
74.5%
how
74.5%
bubbly
73.9%
face
73.9%
face
73.9%
fits
73.6%
fits
73.6%
night
73.3%
dripped
72.1%
never
71.8%
never
71.8%
this
71.5%
dripped
71.2%
order
70.9%
this
70.9%
quick
70.2%
quick
70.2%
quick
70.2%
quick
70.2%
quick
70.2%
quick
70.2%
feel
69.9%
staying
69.6%
it
69%
it
69%
it
69%
it
69%
it
69%
it
69%
it
69%
it
69%
it
69%
it
69%
it
69%
it
69%
it
69%
pad
68.4%
gon'
68.4%
is
67.8%
thai
67.5%
then
67.5%
first
65.6%
were
63.8%
act
63.5%
after
63.2%
pleasure
62.6%
perfect
62%
breath
61%
took
60.4%
knew
60.1%
deep
60.1%
tell
59.5%
secrets
59.5%
****
59.5%
it's
59.5%
movies
59.5%
be
59.2%
true
59.2%
regular
58.6%
creep
56.7%
that's
56.7%
baby
55.8%
baby
55.8%
credits
53.7%
would
53.4%
I
53.1%
I
53.1%
thought
51.5%
forever
47.5%
direct
46.9%
out
46.3%
feels
45.7%
name
45.4%
Remove Ads.
Support Sporcle.
Get the best of Sporcle when you Go Orange. This ad-free experience offers more features, more stats, and more fun while also helping to support Sporcle. Thank you for becoming a member.

You're not logged in!

Compare scores with friends on all Sporcle quizzes.
OR
Log In

Show Comments

Extras

Created Dec 16, 2018ReportNominate
Tags:Ariana Grande, imagine

Top Quizzes Today


Score Distribution

Your Account Isn't Verified!

In order to create a playlist on Sporcle, you need to verify the email address you used during registration. Go to your Sporcle Settings to finish the process.

Report this User

Report this user for behavior that violates our Community Guidelines.

Details: